| 000 | 00349 a2200157 4500 | ||
|---|---|---|---|
| 001 | 75546 | ||
| 020 | _a8516050491 | ||
| 040 | _cAnchieta - Colégio São Paulo | ||
| 100 | _aMcDonald ,Megan | ||
| 240 | 1 | 0 |
_aDoutora Judy Moody _lpor |
| 245 | 1 | 0 | _aDoutora Judy Moody |
| 300 | _a185 | ||
| 362 | 0 | _a2006 | |
| 650 | 4 | _aLiteratura juvenil | |
| 942 | _cBK | ||
| 999 |
_c75546 _d75546 |
||